| 000 | 00590ngm a22001931 4500 | ||
|---|---|---|---|
| 001 | 0000023305 | ||
| 005 | 20151217161727.0 | ||
| 007 | vd v | ||
| 008 | 121026s xx--- vleng d | ||
| 040 |
_aKABU _cKABU |
||
| 245 | 0 | 0 |
_aIn the days of the ... voice ... of the 7th angel _h[videorecording] : |
| 260 |
_aOntario : _bBayRidge, _c2005. |
||
| 300 |
_a18 videocassette (xx min.) : _bsd., col ; _c1/2 in. |
||
| 538 | _aVHS. | ||
| 650 | 0 |
_aSermons, American _y1948-1965. _@0000182686 |
|
| 908 | _a121026 | ||
| 950 | _@1 | ||
| 999 |
_c15578 _d15578 |
||